00454nam a2200157 a 450000500170000000800410001702000180005805000260007610000230010224500570012525000120018226000410019430000230023544000260025865000120028420140412111225.0020410s19uu xx 00 eng d a0-87965-028-1 aTR(GS 420.7bB64 Bk.F aBoning, Richard A. aGetting the facts, F :cRichard Boning.bbooklet F / a4th Ed. aNew York :bBarnell Loft Ltd,c1982. a1 v. (unp.) ; ill. aSpecific Skill Series aReading